En torno a la privatización de ANTEL
Wedi'i Gadw mewn:
| Fformat: | Texto |
|---|---|
| Pynciau: | |
| Tagiau: |
Ychwanegu Tag
Dim Tagiau, Byddwch y cyntaf i dagio'r cofnod hwn!
|
MARC
| LEADER | 00000 a a2200000 04500 | ||
|---|---|---|---|
| 001 | 6254 | ||
| 003 | |||
| 040 | |||
| 245 | |a En torno a la privatización de ANTEL | ||
| 650 | |a PRIVATIZACION | ||
| 650 | |a TELECOMICACIONES | ||
| 650 | |a EMPRESAS TRANSNACIONALES | ||
| 650 | |a PRECIOS | ||
| 650 | |a EL SALVADOR | ||
| 773 | |g volumen 19, número 817; páginas 6-7 | ||
| 999 | |c 22829 |d 22829 | ||
